| 000 | 00527 a2200157 4500 | ||
|---|---|---|---|
| 005 | 20250515131557.0 | ||
| 020 | _a0-324-00446-X | ||
| 082 | _aLECT 332.632 SUN | ||
| 100 | _aSUNDARESAN, S. | ||
| 245 | _aFixed Income Markets and Their Derivatives. | ||
| 250 | _a2nd Ed. | ||
| 260 |
_aAustralia, _bSouth-Western, _c2002. |
||
| 300 |
_axv, 717p.: ill.; figure, graph, table. _bIndex & reference. _c24cm. |
||
| 856 |
_yAccess Online Book _fFixed Income Markets and Their Derivatives. _dhttp://finance.swcollege.com |
||
| 942 |
_2ddc _cBKS |
||
| 999 |
_c2277 _d2277 |
||